Normal view
MARC view
- Ahmad, Nabila
Entry Personal Name
001 - CONTROL NUMBER
- control field: 35263
003 - CONTROL NUMBER IDENTIFIER
- control field: NUST
005 - DATE AND TIME OF LATEST TRANSACTION
- control field: 20201113115604.0
008 - FIXED-LENGTH DATA ELEMENTS
- fixed length control field: 201113|| aca||aabn | a|a d
040 ## - CATALOGING SOURCE
- Original cataloging agency: NUST
- Transcribing agency: NUST
100 ## - HEADING--PERSONAL NAME
- Personal name: Ahmad, Nabila
670 ## - SOURCE DATA FOUND
- Source citation: Work cat.: (NUST): Ahmad, Nabila, To develop genetic algorithm and optimized heuristic algorithm based smart nano-grid for cost effective provisioning of electricity /, 2016.
